Départements Français - Numéros et Régions - Statistiques

Statistiques générales
  • Ce quiz a été pris 121 fois
  • Le résultat moyen est 83 sur 109
Statistiques - réponses
Numéro Département + Région % Correct
01 Ain / Auvergne-Rhône-Alpes
96%
02 Aisne / Hauts-De-France
91%
06 Alpes-Maritimes / Provence-Alpes-Côte d’Azur
87%
2A Corse-du-Sud / Corse
87%
2B Haute-Corse / Corse
87%
03 Allier / Auvergne-Rhône-Alpes
86%
10 Aube / Grand Est
86%
11 Aude / Occitanie
86%
59 Nord / Hauts-de-France
86%
85 Vendée / Pays de la Loire
86%
08 Ardennes / Grand Est
84%
67 Bas-Rhin / Grand Est
84%
14 Calvados / Normandie
84%
15 Cantal / Auvergne-Rhône-Alpes
84%
29 Finistère / Bretagne
84%
05 Hautes-Alpes / Provence-Alpes-Côte d’Azur
84%
68 Haut-Rhin / Grand Est
84%
35 Ille-et-Vilaine / Bretagne
84%
44 Loire-Atlantique / Pays de la Loire
84%
42 Loire / Auvergne-Rhône-Alpes
84%
45 Loiret / Centre-Val de Loire
84%
49 Maine-et-Loire / Pays de la Loire
84%
53 Mayenne / Pays de la Loire
84%
75 Paris / Ile-de-France
84%
62 Pas-de-Calais / Hauts-de-France
84%
72 Sarthe / Pays de la Loire
84%
28 Eure-et-Loir / Centre-Val de Loire
83%
74 Haute-Savoie / Auvergne-Rhône-Alpes
83%
51 Marne / Grand Est
83%
69 Rhône / Auvergne-Rhône-Alpes
83%
73 Savoie / Auvergne-Rhône-Alpes
83%
78 Yvelines / Ile-de-France
83%
07 Ardèche / Auvergne-Rhône-Alpes
81%
16 Charente / Nouvelle-Aquitaine
81%
19 Corrèze / Nouvelle-Aquitaine
81%
22 Côtes-d’Armor / Bretagne
81%
27 Eure / Normandie
81%
33 Gironde / Nouvelle-Aquitaine
81%
52 Haute-Marne / Grand Est
81%
34 Hérault / Occitanie
81%
38 Isère / Auvergne-Rhône-Alpes
81%
50 Manche / Normandie
81%
54 Meurthe-et-Moselle / Grand Est
81%
57 Moselle / Grand Est
81%
93 Seine-Saint-Denis / Ile-de-France
81%
90 Territoire de Belfort / Bourgogne-Franche-Comté
81%
04 Alpes-de-Haute-Provence / Provence-Alpes-Côte d’Azur
80%
09 Ariège / Occitanie
80%
13 Bouches-du-Rhône / Provence-Alpes-Côte d’Azur
80%
17 Charente-Maritime / Nouvelle-Aquitaine
80%
18 Cher / Centre-Val de Loire
80%
25 Doubs / Bourgogne-Franche-Comté
80%
46 Lot / Occitanie
80%
64 Pyrénées-Atlantiques / Nouvelle-Aquitaine
80%
66 Pyrénées-Orientales / Occitanie
80%
76 Seine-Maritime / Normandie
80%
80 Somme / Hauts-de-France
80%
21 Côte-d’Or / Bourgogne-Franche-Comté
79%
24 Dordogne / Nouvelle-Aquitaine
79%
26 Drôme / Auvergne-Rhône-Alpes
79%
30 Gard / Occitanie
79%
43 Haute-Loire / Auvergne-Rhône-Alpes
79%
92 Hauts-de-Seine / Ile-de-France
79%
36 Indre / Centre-Val de Loire
79%
37 Indre-et-Loire / Centre-Val de Loire
79%
41 Loir-et-Cher / Centre-Val de Loire
79%
55 Meuse / Grand Est
79%
56 Morbihan / Bretagne
79%
77 Seine-et-Marne / Ile-de-France
79%
94 Val-de-Marne / Ile-de-France
79%
12 Aveyron / Occitanie
77%
32 Gers / Occitanie
77%
971 Guadeloupe / Guadeloupe
77%
65 Hautes-Pyrénées / Occitanie
77%
40 Landes / Nouvelle-Aquitaine
77%
974 La Réunion / La Réunion
77%
47 Lot-et-Garonne / Nouvelle-Aquitaine
77%
972 Martinique / Martinique
77%
58 Nièvre / Bourgogne-Franche-Comté
77%
60 Oise / Hauts-de-France
77%
61 Orne / Normandie
77%
63 Puy-de-Dôme / Auvergne-Rhône-Alpes
77%
95 Val-d’Oise / Ile-de-France
77%
84 Vaucluse / Provence-Alpes-Côte d’Azur
77%
91 Essonne / Ile-de-France
76%
31 Haute-Garonne / Occitanie
76%
39 Jura / Bourgogne-Franche-Comté
76%
83 Var / Provence-Alpes-Côte d’Azur
76%
88 Vosges / Grand Est
76%
23 Creuse / Nouvelle-Aquitaine
74%
71 Saône-et-Loire / Bourgogne-Franche-Comté
74%
82 Tarn-et-Garonne / Occitanie
74%
81 Tarn / Occitanie
74%
973 Guyane / Guyane
73%
87 Haute-Vienne / Nouvelle-Aquitaine
73%
48 Lozère / Occitanie
73%
976 Mayotte / Mayotte
73%
86 Vienne / Nouvelle-Aquitaine
73%
89 Yonne / Bourgogne-Franche-Comté
73%
79 Deux-Sèvres / Nouvelle-Aquitaine
71%
70 Haute-Saône / Bourgogne-Franche-Comté
71%
988 Nouvelle-Calédonie / Nouvelle-Calédonie
46%
975 Saint-Pierre-et-Miquelon / Saint-Pierre-et-Miquelon
36%
977 Saint-Barthélemy / Saint-Barthélemy
31%
987 Polynésie française / Polynésie française
30%
978 Saint-Martin / Saint-Martin
26%
986 Wallis-et-Futuna / Wallis-et-Futuna
26%
984 Terres australes et antarctiques françaises / Terres australes et antarctiques françaises
14%
989 Île de Clipperton / Île de Clipperton
6%
Aucun quiz correspondant
Distribution des résultats
% des personnes avec chaque résultat
Percentile par nombre de réponses
Votre historique - résultats
Vous n’avez pas pris ce quiz